Countries who have appeared in 10 World Cups - Statistics

General Stats
  • This quiz has been taken 58 times
  • The average score is 15 of 17
Answer Stats
Appearances Team % Correct
18 Argentina
98%
22 Brazil
98%
16 France
98%
16 Spain
98%
16 England
96%
20 Germany
95%
17 Mexico
95%
14 Uruguay
95%
18 Italy
93%
11 Russia/USSR
91%
11 United States
88%
14 Belgium
80%
11 Netherlands
80%
12 Sweden
79%
11 South Korea
70%
12 Switzerland
68%
13 Serbia/Yugoslavia
63%
No matching quizzes found
Score Distribution
Percent of People with Each Score
Percentile by Number Answered
Your Score History
You have not taken this quiz